Part-time baker (Record no. 4862)
[ view plain ]
| 000 -CABECERA | |
|---|---|
| campo de control de longitud fija | 01227nam a2200193ui 4500 |
| 001 - NÚMERO DE CONTROL | |
| campo de control | 991026789787807026 |
| 003 - IDENTIFICADOR DEL NÚMERO DE CONTROL | |
| campo de control | UkOxU |
| 008 - DATOS DE LONGITUD FIJA--INFORMACIÓN GENERAL | |
| campo de control de longitud fija | 240411s2024 enk|||| | |||| ||eng d |
| 020 ## - NÚMERO INTERNACIONAL ESTÁNDAR DEL LIBRO | |
| Número Internacional Estándar del Libro | 9780711292529 |
| 035 ## - NÚMERO DE CONTROL DEL SISTEMA | |
| Número de control de sistema | (StEdALDL)1/4426392 |
| 040 ## - FUENTE DE LA CATALOGACIÓN | |
| Centro catalogador/agencia de origen | StEdALDL |
| Lengua de catalogación | eng |
| Normas de descripción | rda |
| Centro/agencia transcriptor | StEdALDL |
| Centro/agencia modificador | UkOxU |
| 041 ## - CÓDIGO DE LENGUA | |
| Código de lengua del texto/banda sonora o título independiente | English |
| 245 00 - MENCIÓN DE TÍTULO | |
| Título | Part-time baker |
| Resto del título | : simple bakes without the stress |
| Mención de responsabilidad, etc. | / Florence Stanton. |
| 264 #1 - PRODUCCIÓN, PUBLICACIÓN, DISTRIBUCIÓN, FABRICACIÓN Y COPYRIGHT | |
| Producción, publicación, distribución, fabricación y copyright | London : |
| Nombre del de productor, editor, distribuidor, fabricante | Carnival, |
| Fecha de producción, publicación, distribución, fabricación o copyright | 2024. |
| 520 ## - SUMARIO, ETC. | |
| Sumario, etc. | No time, but love to bake? Go part-time with these quick and easy recipes. Florence Stanton (@Tasting.Thyme) proves that you can find time to bake and enjoy delicious treats no matter what life throws at you.<br/><br/>Forget hours spent in the kitchen following complex instructions!<br/><br/>In Part-Time Baker, each recipe is clearly labelled with ‘Hands-on time’ and ‘Total time’ – to make it crystal clear how much effort you’ll need to put in.<br/><br/>Many of the bakes can be prepped in just 10 minutes and there are plenty of cheats and tips for impressive results. There’s no need for loads of obscure baking equipment and all the recipes can be scaled up for sharing or down for enjoying solo. |
| 650 #0 - PUNTO DE ACCESO ADICIONAL DE MATERIA--TÉRMINO DE MATERIA | |
| Término de materia o nombre geográfico como elemento de entrada | Cookery |
| 9 (RLIN) | 25759 |
| 650 #0 - PUNTO DE ACCESO ADICIONAL DE MATERIA--TÉRMINO DE MATERIA | |
| Término de materia o nombre geográfico como elemento de entrada | Baking |
| 9 (RLIN) | 25760 |
| 942 ## - ELEMENTOS DE ENTRADA AGREGADA (KOHA) | |
| Fuente del sistema de clasificación o colocación | Clasificación de Library of Congress |
| Estado de retiro | Estado de pérdida | Fuente del sistema de clasificación o colocación | Estado dañado | No para préstamo | Biblioteca de origen | Biblioteca actual | Fecha de adquisición | Total de préstamos | Signatura topográfica completa | Fecha visto por última vez | Número de copia | Precio válido a partir de | Tipo de ítem Koha | Nota pública |
|---|---|---|---|---|---|---|---|---|---|---|---|---|---|---|
| Clasificación de Library of Congress | TBS Barcelona | TBS Barcelona | 26/08/2025 | TX765 STA | 26/08/2025 | 1 | 26/08/2025 | Book | SOON AVAILABLE |

